[Event "CAN-ch U12"]
[Site "Quebec"]
[Date "2008.07.16"]
[Round "6"]
[White "Kaufman, Elliot"]
[Black "Dumais, Remi"]
[Result "1-0"]
[WhiteElo "1412"]
[BlackElo "975"]
[PlyCount "71"]
[EventDate "2008.07.14"]
[EventType "swiss"]
[EventRounds "7"]
[EventCountry "CAN"]
[SourceTitle "EXT 2011"]
[Source "ChessBase"]
[SourceDate "2010.11.26"]
[SourceVersion "1"]
[SourceVersionDate "2010.11.26"]
[SourceQuality "1"]

1. e4 e5 2. Nf3 Nc6 3. d4 d6 4. dxe5 Be7 5. exd6 cxd6 6. Bb5 Nf6 7. Nc3 d5 8. exd5 Bd7 9. dxc6 bxc6 10. Bc4 Bc5 11. 0-0 Qc7 12. Re1+ Kd8 13. Bxf7 a5 14. Ng5 Ba7 15. Ne6+ Kc8 16. Nxc7 Rb8 17. Qd6 Ng4 18. Be3 Rb7 19. Na6 Bb8 20. Nxb8 Rxb8 21. Ba7 Rb7 22. Bc5 h5 23. Be6 Nf6 24. Qxc6+ Kb8 25. Bxd7 Nxd7 26. Bd6+ Ka7 27. Nb5+ Rxb5 28. Qxb5 Rd8 29. Re7 g6 30. Rxd7+ Rxd7 31. Qxd7+ Ka6 32. a4 h4 33. Qb5+ Ka7 34. Bc7 h3 35. Qb6+ Ka8 36. Qb8# 1-0

[Event "CAN-ch U12"]
[Site "Quebec"]
[Date "2008.07.15"]
[Round "4"]
[White "Dumais, Remi"]
[Black "Mongenais, Jacob"]
[Result "0-1"]
[WhiteElo "975"]
[BlackElo "1441"]
[PlyCount "40"]
[EventDate "2008.07.14"]
[EventType "swiss"]
[EventRounds "7"]
[EventCountry "CAN"]
[SourceTitle "EXT 2011"]
[Source "ChessBase"]
[SourceDate "2010.11.26"]
[SourceVersion "1"]
[SourceVersionDate "2010.11.26"]
[SourceQuality "1"]

1. e4 e5 2. Nf3 Nc6 3. Bc4 Nf6 4. d4 exd4 5. e5 d5 6. Bb5 Ne4 7. Nxd4 Bc5 8. Bf4 0-0 9. 0-0 Bxd4 10. Nd2 Nxd2 11. Bxd2 Bxe5 12. Bd3 Qd6 13. b4 Bxh2+ 14. Kh1 Nxb4 15. Bxb4 Qh6 16. Re1 Bf4+ 17. Kg1 Qh2+ 18. Kf1 Qh1+ 19. Ke2 Bg4+ 20. f3 Qxg2# 0-1

[Event "CAN-ch U10"]
[Site "Ottawa"]
[Date "2007.07.05"]
[Round "6"]
[White "Dumais, Remi"]
[Black "Dumais, Jean Philippe"]
[Result "1/2-1/2"]
[WhiteElo "944"]
[BlackElo "1153"]
[PlyCount "128"]
[EventDate "2007.07.03"]
[EventType "swiss"]
[EventRounds "7"]
[EventCountry "CAN"]
[SourceTitle "EXT 2022"]
[Source "ChessBase"]
[SourceDate "2021.10.06"]
[SourceVersion "1"]
[SourceVersionDate "2021.10.06"]
[SourceQuality "1"]

1. e4 e5 2. Nf3 Nc6 3. Bc4 Bc5 4. b4 Nxb4 5. c3 Nc6 6. d4 exd4 7. e5 dxc3 8. Nxc3 d6 9. Bf4 dxe5 10. Nxe5 Qxd1+ 11. Kxd1 Nxe5 12. Bxe5 Ne7 13. Bxg7 Rg8 14. Bf6 Rxg2 15. Re1 Rxf2 16. h4 Rxf6 17. h5 Bg4+ 18. Kc2 Bxh5 19. Bd3 Bf2 20. Bb5+ Kf8 21. Re4 Bg6 22. Kd3 Bxe4+ 23. Nxe4 Rf3+ 24. Ke2 Rf4 25. Bd3 Bd4 26. Rd1 Rd8 27. Rb1 Nf5 28. Ng5 Re8+ 29. Kd2 Be3+ 30. Ke2 Rf2+ 31. Ke1 Re5 32. Nxh7+ Kg7 33. Ng5 Bxg5+ 34. Kxf2 Be3+ 35. Ke2 Ng3+ 36. Kf3 Nf5 37. Rxb7 Kg6 38. Rxc7 Rd5 39. Bc4 Rd2 40. Bxf7+ Kf6 41. Bc4 Rc2 42. Rc6+ Ke5 43. a3 Kd4 44. Kg4 Rxc4 45. Rf6 Rc5 46. a4 Ke4 47. Re6+ Re5 48. Ra6 Nd4 49. Rxa7 Nb3 50. Rb7 Re8 51. Kh4 Nc5 52. a5 Nxb7 53. a6 Rg8 54. Kh3 Bf4 55. Kh4 Kf5 56. axb7 Kf6 57. Kh5 Be5 58. Kh4 Kf5 59. Kh3 Kf4 60. Kh2 Kf3+ 61. Kh1 Bd4 62. Kh2 Ba7 63. b8Q Bxb8+ 64. Kh1 Kf2 1/2-1/2